000 00679cam a22002172 4500
001 0000000953
005 20151217151802.0
008 070222s xx 000 0 eng d
020 _a1557485925 :
040 _aKABU
_cKABU
050 0 _aBT301
_b.S73
100 1 _aStalker, James,
_d1848-1927.
_@0000149403
245 1 4 _aThe Life of Jesus Christ /
_cJames Stalker.
260 _aUhrichsville, Ohio :
_bBarbour and company, Inc.,
_cn.d.
300 _a 223 p. ;
_c21 cm.
600 1 0 _aJesus Christ
_xBiography
_xStudy.
_@0000149365
908 _a070222
950 _@1
999 _c5000
_d5000